000 00930cam a2200289 i 4500
008
020 _a9781506338941 (paperback)
040 _aNUST
_cNUST
049 _aMAIN
090 _aRM315
_bPRU
100 1 _aPrus, Adam J.,
_eauthor
245 1 0 _aDrugs and the neuroscience of behavior :
_ban introduction to psychopharmacology /
_cAdam, Prus.
250 _aSecond edition.
264 1 _aLos Angeles :
_bSAGE,
_c2018
300 _axxii, 606 pages :
_bcolour illustrations ;
_c24 cm
336 _atext
_btxt
_2rdacontent
337 _aunmediated
_bn
_2rdamedia
338 _avolume
_bnc
_2rdacarrier
504 _aIncludes bibliographical references.
500 _aIncludes index.
650 0 _aPsychopharmacology
650 0 _aPsychotropic drugs
_xSide effects
907 _a.b10418106
_b13-05-22
_c12-05-22
003
005 20230120204351.0
942 _cBOOKS
_kRM315
_mPRU
999 _c121967
_d121967